000 00307nam a2200157Ia 4500
100 _aKalam/Abdul APJ
650 _aGeneral
942 _cBK
654 _aignited minds
245 _aIgnited Minds
260 _bViking
_c2002
082 _a920
_bKAL
300 _a205
546 _aENGLISH
999 _c20456
_d20456